000 00293nam a22001337a 4500
008 171108b xxu||||| |||| 00| 0 eng d
020 _a0321527704
041 _aeng
080 _26TH
_a330.322
100 _a64
101 _aINV
245 _aGLOBAL INVESTMENTS
_cSOLNIK,.B
942 _2udc
_cBK
999 _c38194
_d38194